Псевдонимы - Statistics

General Stats
  • This quiz has been taken 63 times
  • The average score is 7 of 26
Answer Stats
имя псевдоним род деятельности % Correct
Владимир Ильич Ульянов Владимир Ленин русский и советский революционер и позже диктатор
81%
Сэмюэль Лэнгхорн Клеменс Марк Твен американский сатирический детский писатель
58%
Агата Мэри Кларисса Миллер Агата Кристи именитая британская детективная писательница
52%
Аркадий Петрович Голиков Аркадий Гайдар советский писатель патриотической направленности
44%
Евгений Петрович Катаев Евгений Петров советский писатель-сатирик, участник известного литературного дуэта
44%
Иехиел-Лейб Арьевич Файнзильберг Илья Ильф советский писатель-сатирик, участник известного литературного дуэта
42%
Жан-Батист Поклен Мольер именитый французский драматург
38%
Уильям Сидни Портер О. Генри американский сатирический писатель-юморист
35%
Салот Сар Пол Пот камбоджийский диктатор, формальный предводитель Революционной Кампучии
35%
Андрей Вархола Энди Уорхол известный американский художник в стиле "поп-арт"
29%
Джон Гриффит Чейни Джек Лондон американский писатель, видный социалист
27%
Франсуа-Мари Аруэ Вольтер видный деятель Французской буржуазной революции
27%
Чарльз Лютвидж Доджсон Льюис Кэрролл английский математик, поэт и писатель, автор фантасмагоричных историй
23%
Ефим Алексеевич Придворов Демьян Бедный советский поэт, тесно сотрудничавший с государственной властью
21%
Мари-Анри Бейль Стендаль именитый французский писатель XVIII-XIX веков
19%
Исер Данилович Кирк Дуглас голливудский актёр его Золотой эры
19%
Роберт Аллен Циммерман Боб Дилан американский поэт-песенник и исполнитель
17%
Франсуа Анатоль Тибо Анатоль Франс французский писатель-реалист
17%
Карлос Ирвин Эстевес Чарли Шин голливудский актёр, известный своими комедийными и драматическими ролями
17%
Гордон Мэттью Томас Самнер Стинг британский рок-музыкант и актёр
15%
Аллан Стюарт Конигсберг Вуди Аллен американский кинорежиссёр и драматург, известный, в первую очередь своими комедиями
13%
Дайан Холл Дайан Китон голливудская актриса
8%
Генри Максвелл Демпси Гарри Гаррисон американский писатель-фантаст и сатирик
6%
Мишель Тома Мишель Уэльбек современный французский писатель
4%
Майкл Джон Дуглас Майкл Китон голливудский актёр
4%
Джоан Роулинг Роберт Гэлбрейт британский детективный писатель
2%
No matching quizzes found
Score Distribution
Percent of People with Each Score
Percentile by Number Answered
Your Score History
You have not taken this quiz